• 首页
  • 本馆介绍
  • 公告通知
  • 最新文献
  • 馆藏检索
  • 电子资源
  • 读者导购
  • 参考咨询
  • 我的图书馆
  • 登录
  • 详细信息显示
  • 放入我的书架
  • 预约/预借图书
  • 作者相关作品
  • 分类相关作品
  • 丛书相关作品
  • 出版社相关作品

书目信息

  • 表格格式
  • 工作单格式
  • 卡片格式
题名:
土法良方治猪病
    
 
作者: 刘家国 , 武彩红 主编
分册:  
出版信息: 北京   化学工业出版社  2015.12
页数: 324页
开本: 21cm
丛书名:
单 册:
中图分类: S858.28
科图分类:
主题词: 猪病--防治
电子资源:
ISBN: 978-7-122-25209-8
000 00882nam0 2200241 450
001 424
005 20180927145105.57
010    @a978-7-122-25209-8@dCNY35.00
100    @a20160113d2015 em y0chiy50 ea
101 0  @achi
102    @aCN@b110000
105    @aa z 000yy
200 1  @a土法良方治猪病@9tu fa liang fang zhi zhu bing@b专著@f刘家国,武彩红主编
205    @a2版
210    @a北京@c化学工业出版社@d2015.12
215    @a324页@c图@d21cm
330    @a本书收集、归纳和总结了在猪病治疗和生产过程中应用的数百个土法良方。这些土法良方具有疗效显著、节省药品、操作简单易学易用等优点,其方剂具有扶正祛邪、低毒、副作用小的特点和优势,能够满足人们追求无害、安全、绿色产品的愿望。
606 0  @a猪病@x防治
690    @aS858.28@v5
701  0 @a刘家国@9liu jia guo@4主编
701  0 @a武彩红@9wu cai hong@4主编
801  0 @aCN@b91MARC@c20160302
905    @aMuseLib@dS858.28@e150=2
    
    土法良方治猪病/刘家国,武彩红主编.-2版.-北京:化学工业出版社,2015.12
    324页:图;21cm
    
    
    ISBN 978-7-122-25209-8:CNY35.00
    本书收集、归纳和总结了在猪病治疗和生产过程中应用的数百个土法良方。这些土法良方具有疗效显著、节省药品、操作简单易学易用等优点,其方剂具有扶正祛邪、低毒、副作用小的特点和优势,能够满足人们追求无害、安全、绿色产品的愿望。
●
相关链接 在E读中查询图书 在五车中查询图书 在当当中查询图书 在豆瓣中查询图书


正题名:土法良方治猪病     索取号:S858.28/150=2         预约/预借

序号 登录号 条形码 馆藏地/架位号 状态 备注
1 1119814   211198149   第二样本阅览室/ [索取号:S858.28/150=2] 在馆    
2 1119815   211198158   第三借阅区/ [索取号:S858.28/150=2] 在馆    
3 1119816   211198167   第三借阅区/ [索取号:S858.28/150=2] 在馆    
4 1119817   211198176   第三借阅区/ [索取号:S858.28/150=2] 在馆    
5 1119818   211198185   密集书库-生命科学系/ [索取号:S858.28/150=2] 在馆    
唐山师范学院图书馆 欢迎您!
大连网信软件有限公司© 版权所有